Plantas medicinales de Brasil (Registro nro. 3175)

Detalles MARC
000 -CABECERA
Campo de control 00962nam a2200289 a 4500
005 - FECHA Y HORA DE LA ULTIMA TRANSACCION
Campo de control 20191224041700.0
008 - ELEMENTOS DE LONGITUD FIJA—INFORMACION GENERAL
Campo de control 140310t2001 ec ||||gr|||| 00| 0 spa d
040 ## - FUENTE DE CATALOGACIÓN
Agencia catalogadora original CO-BoIAVH
Agencia transcriptora CO-BoIAVH
041 ## - IDIOMA
Código de idioma para texto/pista de sonido o título separado Español
044 ## - PAÍS DE PUBLICACIÓN
País de publicación Ecuador
082 #4 - NUMERO DE CLASIFICACION DECIMAL DEWEY
Número de clasificación 581.634
Número del ítem A11p
100 1# - ASIENTO PRINCIPAL--NOMBRE PERSONAL
Nombre personal Ribeiro Silva, Suelma
245 1# - MENCION DE TITULO
Título Plantas medicinales de Brasil
Parte restante del título aspectos generales sobre legislación y comercio
260 ## - PUBLICACION, DISTRIBUCION, ETC. (PIE DE IMPRENTA)
Lugar de publicación, distribución, etc. Quito
Nombre del editor, distribuidor, etc. Traffic América del Sur
Fecha de publicación, distribución, etc. 2001
300 ## - DESCRIPCION FISICA
Extensión 55 paginas.:
Otros detalles físicos ilustraciones, graficos.
Dimensiones 29 x 21 cm
650 #4 - ASIENTO SECUNDARIO DE MATERIA - TERMINO TEMATICO
Término temático o nombre geográfico como elemento de entrada Plantas medicinales
650 #4 - ASIENTO SECUNDARIO DE MATERIA - TERMINO TEMATICO
Término temático o nombre geográfico como elemento de entrada Plantas útiles
650 #4 - ASIENTO SECUNDARIO DE MATERIA - TERMINO TEMATICO
Término temático o nombre geográfico como elemento de entrada Especies promisorias
650 #4 - ASIENTO SECUNDARIO DE MATERIA - TERMINO TEMATICO
Término temático o nombre geográfico como elemento de entrada Legislación ambiental
650 #4 - ASIENTO SECUNDARIO DE MATERIA - TERMINO TEMATICO
Término temático o nombre geográfico como elemento de entrada Comercio agropecuario
650 #4 - ASIENTO SECUNDARIO DE MATERIA - TERMINO TEMATICO
Término temático o nombre geográfico como elemento de entrada Conservación de plantas
662 ## - ASIENTO SECUNDARIO DE MATERIA - JERARQUIA DEL NOMBRE DE LUGAR(
País o entidad mayor Brasil
700 1# - ASIENTO SECUNDARIO - NOMBRE PERSONAL
Nombre personal Buitrón C., Ximena
700 1# - ASIENTO SECUNDARIO - NOMBRE PERSONAL
Nombre personal Oliveira, Lucía Helena de
700 1# - ASIENTO SECUNDARIO - NOMBRE PERSONAL
Nombre personal Marcus Vinícius, M. Martins
942 ## - ELEMENTOS ADICIONALES (KOHA)
Tipo de ítem Libro
Sistema de clasificación Dewey Decimal Classification
Existencias
Withdrawn status Lost status Sistema de Clasificación Damaged status No para préstamo Colección Inventariado Ubicación Permanente Ubicación actual Fecha de adquisición Fuente de Valor Valor Total Checkouts Número topográfico Inventario / Código de Barras Date last seen Ejemplar Price effective from Tipo de material
    Dewey Decimal Classification     General Inventariado 2017 Bogotá Bogotá 02/04/2003 Instituto 39000.00   LB-581.634 A11p 005189 04/12/2012 Ej. 1 04/12/2012 Libro